| 000 | 00586cab a2200229 4500 | ||
|---|---|---|---|
| 001 | ABS60492 | ||
| 008 | 090401t1999 xxu||||| |||| 00| 0 eng d | ||
| 035 | _a(Sirsi) u92952 | ||
| 041 | _aeng | ||
| 100 | _aWenban-Smith, A. | ||
| 245 | _aMeeting our needs | ||
| 260 | _c1999 | ||
| 350 | _a0 | ||
| 490 |
_aPlanning (for the Natural and Built Environment) _v(1313) 9 April 1999, 15(1) |
||
| 650 | _aGOVERNMENT POLICY | ||
| 650 | _aHOUSE BUILDING LAND | ||
| 650 | _aPLANNING GUIDANCE | ||
| 650 | _aPPG11 | ||
| 690 | _aHOUSING-DEVELOPMENT | ||
| 942 | _n0 | ||
| 948 | _c23/04/1999 | ||
| 999 |
_c58908 _d58908 |
||